[Event "X GRAN TORNEO INTERNACIONAL AFICIONADOS S-2300 "]
[Site "Benidorm (Alicante - SPAIN)"]
[Date "2011.12.05"]
[Round "4"]
[Board "1"]
[White "Quimi, Marco"]
[Black "Acero Solis, Alberto"]
[Result "1-0"]
[WhiteElo "2163"]
[BlackElo "1931"]
[PlyCount "73"]
[EventDate "2011.12.02"]
[EventRounds "10"]
[EventCountry "ESP"]

1. d4 e6 2. e4 d5 3. e5 c5 4. c3 Qb6 5. Nf3 Bd7 6. a3 a5 7. c4 Ne7 8. Nc3 cxd4
9. Qxd4 Qxd4 10. Nxd4 Na6 11. Ndb5 Bxb5 12. Nxb5 Ng6 13. cxd5 exd5 14. f4 Bc5
15. Bd2 a4 16. Nc3 Nc7 17. Rc1 b6 18. Nb5 Kd7 19. Nxc7 Kxc7 20. Bb5 Rhc8 21.
Ke2 Kd8 22. Rhd1 Ke7 23. g3 Kf8 24. Bc3 Ne7 25. Rd3 h5 26. Rcd1 g6 27. h3 Kg8
28. g4 Kh8 29. Kf3 Ra7 30. R1d2 Kh7 31. Re2 Rd8 32. Rc2 Rc8 33. Rd1 Rg8 34. Be2
Rc8 35. Kg2 Rb8 36. g5 Kh8 37. Kf3 1-0

[Event "X GRAN TORNEO INTERNACIONAL AFICIONADOS S-2300 "]
[Site "Benidorm (Alicante - SPAIN)"]
[Date "2011.12.05"]
[Round "4"]
[Board "1"]
[White "Rios Garcia, Miguel"]
[Black "Muratet Casadevall, Albert"]
[Result "0-1"]
[WhiteElo "2006"]
[BlackElo "2164"]
[PlyCount "34"]
[EventDate "2011.12.02"]
[EventRounds "10"]
[EventCountry "ESP"]

1. d4 Nf6 2. c4 g6 3. Nc3 Bg7 4. e4 d6 5. f4 c5 6. dxc5 Qa5 7. Bd2 Qxc5 8. Qf3
Nc6 9. Bd3 Nd4 10. Qg3 a6 11. h4 Nh5 12. Qg5 Ne6 13. Qxc5 Nxc5 14. Bc2 Ng3 15.
Rh2 Be6 16. Kf2 Bxc3 17. Bxc3 Ngxe4+ 0-1

[Event "X GRAN TORNEO INTERNACIONAL AFICIONADOS S-2300 "]
[Site "Benidorm (Alicante - SPAIN)"]
[Date "2011.12.05"]
[Round "4"]
[Board "1"]
[White "Sanchiz Marti, Josep Miquel"]
[Black "Gonzalez Mateos, Rafael"]
[Result "1-0"]
[WhiteElo "1986"]
[BlackElo "2145"]
[PlyCount "78"]
[EventDate "2011.12.02"]
[EventRounds "10"]
[EventCountry "ESP"]

1. d4 Nf6 2. c4 e6 3. Nc3 Bb4 4. f3 d5 5. a3 Bxc3+ 6. bxc3 h6 7. e3 O-O 8. cxd5
exd5 9. Bd3 c5 10. Ne2 b6 11. O-O Bb7 12. Ng3 Re8 13. Rb1 Qc7 14. Re1 Nc6 15.
Qc2 cxd4 16. cxd4 Rac8 17. Bd2 Qd6 18. Qb2 g6 19. a4 Ba8 20. Ba6 Rcd8 21. Rbc1
h5 22. Bb5 h4 23. Ne2 Nh5 24. Rc2 Bb7 25. Rec1 Rc8 26. Bd3 Ne7 27. a5 Rxc2 28.
Rxc2 Rc8 29. axb6 Rxc2 30. Bxc2 Qxb6 31. Qxb6 axb6 32. Bb3 Nf6 33. Nc3 Ba8 34.
e4 Nc6 35. Nxd5 Nxd5 36. Bxd5 Nxd4 37. Be3 Ne2+ 38. Kf2 Nc3 39. Bb3 b5 1-0

[Event "X GRAN TORNEO INTERNACIONAL AFICIONADOS S-2300 "]
[Site "Benidorm (Alicante - SPAIN)"]
[Date "2011.12.05"]
[Round "4"]
[Board "1"]
[White "Lada, Ireneusz"]
[Black "Petrescu, Georgian-Dorin"]
[Result "1-0"]
[WhiteElo "2033"]
[BlackElo "2217"]
[PlyCount "57"]
[EventDate "2011.12.02"]
[EventRounds "10"]
[EventCountry "ESP"]

1. c4 Nf6 2. Nc3 g6 3. Nf3 Bg7 4. g3 O-O 5. Bg2 d6 6. O-O Nc6 7. d3 e5 8. Rb1
a5 9. a3 h6 10. Ne1 Ne7 11. f4 c6 12. Nc2 Be6 13. e4 Ng4 14. Bf3 f5 15. Bxg4
fxg4 16. fxe5 Rxf1+ 17. Qxf1 dxe5 18. Be3 Qd6 19. Qe2 Rd8 20. Rd1 c5 21. b4
axb4 22. axb4 cxb4 23. c5 Qa6 24. Nxb4 Qa3 25. Nbd5 Nxd5 26. Nxd5 Bxd5 27. exd5
Rxd5 28. Qxg4 Rxd3 29. Qc4+ 1-0

[Event "X GRAN TORNEO INTERNACIONAL AFICIONADOS S-2300 "]
[Site "Benidorm (Alicante - SPAIN)"]
[Date "2011.12.05"]
[Round "4"]
[Board "1"]
[White "Aledo Lopez, Angel"]
[Black "Perez Garcia, Jose Miguel"]
[Result "1/2-1/2"]
[WhiteElo "2069"]
[BlackElo "2029"]
[PlyCount "37"]
[EventDate "2011.12.02"]
[EventRounds "10"]
[EventCountry "ESP"]

1. Nf3 Nf6 2. g3 g6 3. Bg2 Bg7 4. O-O O-O 5. c4 d6 6. d4 c5 7. e3 Nc6 8. Nc3
cxd4 9. exd4 Bd7 10. b3 Qa5 11. Bb2 Qh5 12. h4 Bg4 13. Qd3 Qf5 14. Qxf5 Bxf5
15. Rfd1 Ne4 16. Nxe4 Bxe4 17. Ng5 Bxg2 18. Kxg2 h6 19. Nf3 1/2-1/2

[Event "X GRAN TORNEO INTERNACIONAL AFICIONADOS S-2300 "]
[Site "Benidorm (Alicante - SPAIN)"]
[Date "2011.12.05"]
[Round "4"]
[Board "1"]
[White "Ginzburg, Natan"]
[Black "Fernandez Rubio, Rafael"]
[Result "1-0"]
[WhiteElo "2016"]
[BlackElo "2065"]
[PlyCount "49"]
[EventDate "2011.12.02"]
[EventRounds "10"]
[EventCountry "ESP"]

1. e4 d6 2. d4 Nf6 3. Nc3 Nbd7 4. f4 c5 5. Nf3 a6 6. a4 b6 7. e5 cxd4 8. Qxd4
dxe5 9. fxe5 Ng8 10. Bg5 h6 11. Bh4 Bb7 12. Bc4 Nc5 13. Qf4 Ne6 14. Bxe6 fxe6
15. Qg4 g5 16. Qh5+ Kd7 17. O-O-O+ Bd5 18. Nxd5 Kc8 19. Nf6 Qc7 20. Nxg8 gxh4
21. Qf7 Kb7 22. Qxe6 Rd8 23. Rxd8 Qxd8 24. Rd1 Qc8 25. Rd7+ 1-0

[Event "X GRAN TORNEO INTERNACIONAL AFICIONADOS S-2300 "]
[Site "Benidorm (Alicante - SPAIN)"]
[Date "2011.12.05"]
[Round "4"]
[Board "1"]
[White "Killane, Jack"]
[Black "Fernandez Garcia, Ignacio"]
[Result "1-0"]
[WhiteElo "2046"]
[BlackElo "1908"]
[PlyCount "73"]
[EventDate "2011.12.02"]
[EventRounds "10"]
[EventCountry "ESP"]

1. e4 g6 2. d4 Nf6 3. Nc3 d6 4. f4 Bg7 5. Nf3 Bg4 6. Be2 Nc6 7. O-O O-O 8. Be3
d5 9. e5 Ne4 10. h3 Bc8 11. Nxe4 dxe4 12. Ng5 f5 13. Bc4+ e6 14. Bxe6+ Bxe6 15.
Nxe6 Qe7 16. Nxf8 Bxf8 17. d5 Rd8 18. c4 Nb4 19. Qb3 b6 20. Rad1 Nd3 21. Rxd3
exd3 22. Qxd3 Qb4 23. Bd4 b5 24. b3 a5 25. Kh1 bxc4 26. Qxc4 h6 27. Rd1 Qxc4
28. bxc4 Rb8 29. c5 Kf7 30. Rd3 a4 31. Be3 Ke8 32. Rc3 Rb2 33. Ra3 Rb4 34. d6
cxd6 35. cxd6 Rc4 36. Rd3 Re4 37. d7+ 1-0

[Event "X GRAN TORNEO INTERNACIONAL AFICIONADOS S-2300 "]
[Site "Benidorm (Alicante - SPAIN)"]
[Date "2011.12.05"]
[Round "4"]
[Board "1"]
[White "Rios Torondell, Jaume"]
[Black "**Corrales, Ibanez Pedro Luis"]
[Result "1-0"]
[WhiteElo "2036"]
[BlackElo "1895"]
[PlyCount "21"]
[EventDate "2011.12.02"]
[EventRounds "10"]
[EventCountry "ESP"]

1. e4 e5 2. d4 exd4 3. Bc4 Nf6 4. Nf3 Bb4+ 5. c3 dxc3 6. bxc3 Bc5 7. e5 Qe7 8.
O-O Ng4 9. Bg5 f6 10. exf6 Nxf2 11. f7+ 1-0

[Event "X GRAN TORNEO INTERNACIONAL AFICIONADOS S-2300 "]
[Site "Benidorm (Alicante - SPAIN)"]
[Date "2011.12.06"]
[Round "5"]
[Board "1"]
[White "Carrascoso Morales, Abel"]
[Black "Voiteanu, Gabriel"]
[Result "0-1"]
[WhiteElo "2256"]
[BlackElo "2293"]
[PlyCount "112"]
[EventDate "2011.12.02"]
[EventRounds "10"]
[EventCountry "ESP"]

1. c4 Nf6 2. Nf3 g6 3. Nc3 d5 4. cxd5 Nxd5 5. g3 Bg7 6. Bg2 O-O 7. O-O c5 8.
Ng5 Nb6 9. d3 c4 10. dxc4 Qxd1 11. Rxd1 Nxc4 12. Bd5 Nb6 13. Bb3 Nc6 14. Be3
Bf5 15. Rac1 h6 16. Nge4 Na5 17. Bc5 Nxb3 18. axb3 Rfe8 19. Bd4 Rac8 20. Bxg7
Kxg7 21. Ra1 a6 22. Rd4 Red8 23. Rb4 Rc6 24. Ra5 Rd7 25. Nc5 Rd2 26. g4 Bc8 27.
Nd3 Nd7 28. Kf1 b6 29. Ra1 Nc5 30. Ne5 Rf6 31. Nc4 Rd4 32. h3 b5 33. e3 Rd3 34.
Ke2 bxc4 35. Rxc4 Nxb3 36. Kxd3 Nxa1 37. Rxc8 Rxf2 38. Na4 Nb3 39. Ra8 Rf6 40.
Kc3 Nc1 41. Nc5 Rf3 42. Kd2 Na2 43. b3 Rxh3 44. Nxa6 Rg3 45. b4 Rxg4 46. b5
Rg2+ 47. Kd3 Rb2 48. Kc4 h5 49. Rd8 h4 50. Rd4 g5 51. Kc5 h3 52. b6 h2 53. Rd1
Nc3 54. Nb4 Nxd1 55. b7 h1=Q 56. b8=Q Qe4 0-1

[Event "X GRAN TORNEO INTERNACIONAL AFICIONADOS S-2300 "]
[Site "Benidorm (Alicante - SPAIN)"]
[Date "2011.12.06"]
[Round "5"]
[Board "1"]
[White "Lapicki, Raul"]
[Black "Lillo Castay, Victor"]
[Result "1/2-1/2"]
[WhiteElo "2237"]
[BlackElo "2289"]
[PlyCount "57"]
[EventDate "2011.12.02"]
[EventRounds "10"]
[EventCountry "ESP"]

1. e4 e5 2. Nf3 Nc6 3. Bc4 Nf6 4. d3 h6 5. O-O d6 6. c3 g6 7. Re1 Bg7 8. h3 O-O
9. Bb3 Qe7 10. Na3 Bd7 11. Nc4 Kh7 12. a4 Rae8 13. a5 Nh5 14. d4 Rd8 15. Bc2
Qf6 16. Ne3 Nf4 17. Nd5 Nxd5 18. exd5 Ne7 19. dxe5 dxe5 20. Nxe5 Bf5 21. Ng4
Bxg4 22. Qxg4 Nxd5 23. Qa4 c6 24. Qb3 Rfe8 25. Bd2 Nf4 26. Bxf4 Qxf4 27. Rxe8
Rxe8 28. Bd3 Re7 29. Bf1 1/2-1/2

[Event "X GRAN TORNEO INTERNACIONAL AFICIONADOS S-2300 "]
[Site "Benidorm (Alicante - SPAIN)"]
[Date "2011.12.06"]
[Round "5"]
[Board "1"]
[White "Recuero Guerra, Javier"]
[Black "Lara Lopez, Jose"]
[Result "1-0"]
[WhiteElo "2282"]
[BlackElo "2231"]
[PlyCount "79"]
[EventDate "2011.12.02"]
[EventRounds "10"]
[EventCountry "ESP"]

1. d4 Nf6 2. g3 d6 3. Nf3 g6 4. Bg2 Bg7 5. O-O O-O 6. Re1 Nbd7 7. e4 e5 8. Nc3
h6 9. h3 a6 10. a4 b6 11. Be3 Bb7 12. Qd2 Kh7 13. d5 Nc5 14. Nh2 Bc8 15. a5
bxa5 16. Rxa5 Rb8 17. b3 Nfd7 18. g4 f5 19. exf5 gxf5 20. gxf5 Qh4 21. Na4 Rb5
22. Rxb5 axb5 23. Nc3 b4 24. Nb5 Rxf5 25. Nxc7 Rf7 26. Ne6 Nf6 27. Nxc5 dxc5
28. Bxc5 e4 29. Qe3 Bf5 30. Qg3 Qh5 31. Ng4 Nd7 32. Bxb4 Bd4 33. Bxe4 Bxe4 34.
Rxe4 Bg7 35. Qd3 Kg8 36. Re8+ Bf8 37. Bxf8 Nxf8 38. Qg3 Kh7 39. d6 Qg5 40. Qe3
1-0

[Event "X GRAN TORNEO INTERNACIONAL AFICIONADOS S-2300 "]
[Site "Benidorm (Alicante - SPAIN)"]
[Date "2011.12.06"]
[Round "5"]
[Board "1"]
[White "Madina Yadarola, Martin"]
[Black "Suarez Roa, Jose Francisco"]
[Result "0-1"]
[WhiteElo "2273"]
[BlackElo "2153"]
[PlyCount "92"]
[EventDate "2011.12.02"]
[EventRounds "10"]
[EventCountry "ESP"]

1. Nf3 d5 2. c4 c6 3. e3 Nf6 4. Nc3 e6 5. b3 Bd6 6. Bb2 Qe7 7. Be2 Nbd7 8. d4
Ba3 9. Bxa3 Qxa3 10. O-O Qd6 11. Qc2 O-O 12. Rad1 b6 13. e4 dxe4 14. Ng5 Qf4
15. Ncxe4 Nxe4 16. Nxe4 e5 17. g3 Qh6 18. d5 c5 19. Qd2 Qg6 20. Nc3 f5 21. f4
Bb7 22. Rde1 Rae8 23. Nb5 Nf6 24. fxe5 Rxe5 25. Bh5 Nxh5 26. Rxe5 Nxg3 27. Rfe1
Ne4+ 28. Qg2 Qf6 29. Re6 Qh4 30. Rf1 Ng5 31. Ree1 f4 32. Kh1 Bc8 33. Rg1 h6 34.
Ref1 Bf5 35. Nc3 Re8 36. Qf2 Qxf2 37. Rxf2 Nh3 38. Rgf1 Nxf2+ 39. Rxf2 g5 40.
Kg2 Re3 41. Rf3 Be4 42. Nxe4 Rxe4 43. Rd3 Rd4 44. Rxd4 cxd4 45. Kf3 d3 46. h3
h5 0-1

[Event "X GRAN TORNEO INTERNACIONAL AFICIONADOS S-2300 "]
[Site "Benidorm (Alicante - SPAIN)"]
[Date "2011.12.06"]
[Round "5"]
[Board "1"]
[White "Vaarala, Eric"]
[Black "Villuendas Valero, Adrian"]
[Result "1/2-1/2"]
[WhiteElo "2226"]
[BlackElo "2267"]
[PlyCount "121"]
[EventDate "2011.12.02"]
[EventRounds "10"]
[EventCountry "ESP"]

1. e4 c5 2. Nf3 g6 3. c3 Bg7 4. Bc4 e6 5. Qe2 Ne7 6. d3 O-O 7. O-O Nbc6 8. Bb3
b6 9. Bf4 d5 10. e5 h6 11. h3 Qc7 12. d4 f5 13. h4 a5 14. Qe3 a4 15. Bd1 cxd4
16. cxd4 Kh7 17. Na3 Ba6 18. Be2 Qb7 19. Nb5 Bxb5 20. Bxb5 Ra5 21. Bd3 Raa8 22.
Rac1 Rfc8 23. Qe2 Nb4 24. Bb1 a3 25. bxa3 Nbc6 26. Qb2 Na5 27. Rxc8 Rxc8 28.
Rc1 Nc4 29. Qb3 Ra8 30. a4 Qa6 31. Bc2 Nc6 32. Bd3 Qxa4 33. Bxc4 dxc4 34. Rxc4
Qxb3 35. axb3 Ne7 36. Bd2 Ra1+ 37. Kh2 Ra7 38. Bb4 Nd5 39. Bd6 Kg8 40. Rc2 Kf7
41. Nd2 Ke8 42. Nc4 Kd7 43. Ne3 Nxe3 44. fxe3 h5 45. Kg3 Bh6 46. Kf3 g5 47.
hxg5 Bxg5 48. g3 Ke8 49. Rh2 Rh7 50. Ra2 h4 51. Ra8+ Kf7 52. Ra7+ Kg6 53. Rxh7
Kxh7 54. gxh4 Bxh4 55. e4 Kg6 56. d5 fxe4+ 57. Kxe4 Kf7 58. Kd4 Bf2+ 59. Ke4 b5
60. dxe6+ Kxe6 61. Kf3 1/2-1/2

[Event "X GRAN TORNEO INTERNACIONAL AFICIONADOS S-2300 "]
[Site "Benidorm (Alicante - SPAIN)"]
[Date "2011.12.06"]
[Round "5"]
[Board "1"]
[White "Martin Alvarez, Inigo"]
[Black "Accattato Martin, Mario"]
[Result "1/2-1/2"]
[WhiteElo "2262"]
[BlackElo "2185"]
[PlyCount "37"]
[EventDate "2011.12.02"]
[EventRounds "10"]
[EventCountry "ESP"]

1. e4 c5 2. Nf3 Nc6 3. d4 cxd4 4. Nxd4 e5 5. Nb5 a6 6. Nd6+ Bxd6 7. Qxd6 Qf6 8.
Qxf6 Nxf6 9. Nc3 Nb4 10. Kd2 d6 11. a3 Nc6 12. Ke1 Be6 13. Bg5 Ne7 14. Rd1 Rd8
15. f3 h6 16. Bxf6 gxf6 17. Bd3 f5 18. exf5 Nxf5 19. Be4 1/2-1/2

[Event "X GRAN TORNEO INTERNACIONAL AFICIONADOS S-2300 "]
[Site "Benidorm (Alicante - SPAIN)"]
[Date "2011.12.06"]
[Round "5"]
[Board "1"]
[White "Inants, Aghasi"]
[Black "Quimi, Marco"]
[Result "1-0"]
[WhiteElo "2288"]
[BlackElo "2163"]
[PlyCount "33"]
[EventDate "2011.12.02"]
[EventRounds "10"]
[EventCountry "ESP"]

1. e4 c5 2. Nf3 Nc6 3. Bb5 g6 4. Bxc6 bxc6 5. O-O Bg7 6. Re1 Nh6 7. c3 O-O 8.
d4 cxd4 9. cxd4 d6 10. h3 f6 11. Nc3 Nf7 12. Be3 Qa5 13. d5 c5 14. a3 Bd7 15.
Nd2 Rfb8 16. Qc2 Rc8 17. Nc4 {Irreproducible} 1-0

[Event "X GRAN TORNEO INTERNACIONAL AFICIONADOS S-2300 "]
[Site "Benidorm (Alicante - SPAIN)"]
[Date "2011.12.06"]
[Round "5"]
[Board "1"]
[White "Escudero Manzano, Alejandro"]
[Black "Rogac, Srdjan"]
[Result "1/2-1/2"]
[WhiteElo "2174"]
[BlackElo "2287"]
[PlyCount "85"]
[EventDate "2011.12.02"]
[EventRounds "10"]
[EventCountry "ESP"]

1. e4 c5 2. Nf3 Nc6 3. c3 d5 4. exd5 Qxd5 5. d4 Bg4 6. Be2 cxd4 7. cxd4 e6 8.
O-O Nf6 9. Nc3 Qa5 10. Be3 Be7 11. a3 O-O 12. b4 Qd8 13. h3 Bh5 14. Qb3 Qd6 15.
Rac1 Rac8 16. Qa4 a6 17. Rfd1 Rfd8 18. b5 axb5 19. Nxb5 Qb8 20. Nc3 Nd5 21.
Nxd5 Rxd5 22. Qb3 Rcd8 23. a4 h6 24. g4 Bg6 25. Bb5 Be4 26. Bxc6 Bxf3 27. Bxd5
Bxd1 28. Rxd1 Rxd5 29. Rb1 Rd7 30. Qb5 Qd8 31. Qb6 Qxb6 32. Rxb6 Kf8 33. Kg2
Ke8 34. Kf3 Kd8 35. Ke4 Kc7 36. Rb5 Kc6 37. f4 Rd8 38. Ra5 Rd5 39. Rxd5 exd5+
40. Ke5 Bd6+ 41. Kf5 Kd7 42. h4 Ke7 43. h5 1/2-1/2

[Event "X GRAN TORNEO INTERNACIONAL AFICIONADOS S-2300 "]
[Site "Benidorm (Alicante - SPAIN)"]
[Date "2011.12.06"]
[Round "5"]
[Board "1"]
[White "Fernandez Manrique, Agustin"]
[Black "Barbero Senidic, Alejandro"]
[Result "1-0"]
[WhiteElo "2173"]
[BlackElo "2269"]
[PlyCount "63"]
[EventDate "2011.12.02"]
[EventRounds "10"]
[EventCountry "ESP"]

1. c4 Nf6 2. Nc3 g6 3. Nf3 d5 4. cxd5 Nxd5 5. g3 Nxc3 6. bxc3 Bg7 7. Bg2 c5 8.
O-O O-O 9. Rb1 Nc6 10. c4 Qc7 11. d3 Rd8 12. Qb3 e5 13. Be3 b6 14. Ng5 Bb7 15.
Ne4 Nd4 16. Qd1 f5 17. Nc3 Bxg2 18. Kxg2 Ne6 19. Nd5 Qf7 20. Bd2 f4 21. f3 g5
22. g4 Nd4 23. Be1 Rxd5 24. cxd5 Qxd5 25. Bf2 Qxa2 26. Bxd4 exd4 27. Qb3+ Qxb3
28. Rxb3 Re8 29. Kf2 Re7 30. Ra3 Be5 31. Rfa1 Bb8 32. Ra6 {Irreproducible} 1-0

[Event "X GRAN TORNEO INTERNACIONAL AFICIONADOS S-2300 "]
[Site "Benidorm (Alicante - SPAIN)"]
[Date "2011.12.06"]
[Round "5"]
[Board "1"]
[White "Ferrer Sanchez, Pedro Jesus"]
[Black "Cantero, Antonio"]
[Result "1-0"]
[WhiteElo "2156"]
[BlackElo "2258"]
[PlyCount "75"]
[EventDate "2011.12.02"]
[EventRounds "10"]
[EventCountry "ESP"]

1. e4 e5 2. Nf3 Nc6 3. Bb5 a6 4. Bxc6 dxc6 5. d3 Bd6 6. Be3 c5 7. Nbd2 Ne7 8.
Nb3 b6 9. O-O h6 10. c3 Ng6 11. d4 cxd4 12. cxd4 O-O 13. Qc2 exd4 14. Nbxd4 Qf6
15. Rfe1 c5 16. Ne2 Bg4 17. Nd2 Rae8 18. Nc4 Bc7 19. Bd2 Nh4 20. Ng3 Bf3 21.
gxf3 Qxf3 22. Ne3 f5 23. exf5 b5 24. Bc3 Bxg3 25. fxg3 Rxe3 26. gxh4 b4 27. Be5
Re8 28. Bg3 Kh8 29. Rxe3 Rxe3 30. Rf1 Qg4 31. f6 gxf6 32. Qf2 Qd4 33. Qxf6+
Qxf6 34. Rxf6 a5 35. Kf2 Rd3 36. Ke2 c4 37. Rc6 Kh7 38. Rxc4 1-0

[Event "X GRAN TORNEO INTERNACIONAL AFICIONADOS S-2300 "]
[Site "Benidorm (Alicante - SPAIN)"]
[Date "2011.12.06"]
[Round "5"]
[Board "1"]
[White "Z-Varga, Mariano"]
[Black "Exposito Amaro, Josue"]
[Result "1-0"]
[WhiteElo "2143"]
[BlackElo "2250"]
[PlyCount "86"]
[EventDate "2011.12.02"]
[EventRounds "10"]
[EventCountry "ESP"]

1. d4 d5 2. c4 c6 3. cxd5 cxd5 4. Nc3 e6 5. Nf3 Nc6 6. Bf4 Bd6 7. e3 Bxf4 8.
exf4 Qb6 9. Qd2 Bd7 10. O-O-O Nge7 11. Kb1 a6 12. Na4 Qa7 13. Nc5 b6 14. Nd3 b5
15. Nc5 O-O 16. Ne5 Nxe5 17. fxe5 Rac8 18. Rc1 Nc6 19. b4 f6 20. f4 fxe5 21.
dxe5 a5 22. Bxb5 Nxe5 23. fxe5 Bxb5 24. Nxe6 Bc4 25. Nxf8 Rxf8 26. Rxc4 dxc4
27. Qd5+ Kh8 28. Rc1 axb4 29. Rxc4 Qa3 30. Qf3 b3 31. Qxb3 Rf1+ 32. Kc2 Qc1+
33. Kd3 Rd1+ 34. Ke4 Re1+ 35. Kd5 Qd2+ 36. Ke6 Qd8 37. Qb5 h6 38. Rc5 Rd1 39.
Qb7 Qe8+ 40. Kf5 Qf8+ 41. Kg6 Rd8 42. Qf7 Rd6+ 43. e6 Qg8 1-0

[Event "X GRAN TORNEO INTERNACIONAL AFICIONADOS S-2300 "]
[Site "Benidorm (Alicante - SPAIN)"]
[Date "2011.12.06"]
[Round "5"]
[Board "1"]
[White "Garcia Lopez, Miguel Angel"]
[Black "(*) Montoliu Cervero, Francisco"]
[Result "1-0"]
[WhiteElo "2232"]
[BlackElo "2159"]
[PlyCount "59"]
[EventDate "2011.12.02"]
[EventRounds "10"]
[EventCountry "ESP"]

1. e4 c5 2. Nf3 d6 3. d4 cxd4 4. Nxd4 Nf6 5. Nc3 g6 6. Be3 Bg7 7. f3 O-O 8. Qd2
Nc6 9. O-O-O d5 10. exd5 Nxd5 11. Nxc6 bxc6 12. Bd4 e5 13. Bc5 Be6 14. Ne4 Re8
15. h4 h6 16. g4 Qc7 17. h5 g5 18. Bd6 Qb6 19. Bc5 Qc7 20. Bc4 Red8 21. Qf2 Nf4
22. Bxe6 Nxe6 23. Kb1 Rd5 24. c4 Rd7 25. Qc2 Rad8 26. Be3 Nd4 27. Bxd4 Rxd4 28.
c5 Bf8 29. Rxd4 Rxd4 30. Nf6+ 1-0

[Event "X GRAN TORNEO INTERNACIONAL AFICIONADOS S-2300 "]
[Site "Benidorm (Alicante - SPAIN)"]
[Date "2011.12.06"]
[Round "5"]
[Board "1"]
[White "Herrera Gonzalez, Javier"]
[Black "Navarro Lopez-Menchero, Daniel"]
[Result "0-1"]
[WhiteElo "1906"]
[BlackElo "2230"]
[PlyCount "62"]
[EventDate "2011.12.02"]
[EventRounds "10"]
[EventCountry "ESP"]

1. f4 d5 2. b3 Nf6 3. Nf3 g6 4. Bb2 Bg7 5. e3 O-O 6. c4 Na6 7. Na3 Bf5 8. Nd4
Ne4 9. d3 c5 10. dxe4 Bxe4 11. Qd2 cxd4 12. Bxd4 Bxd4 13. exd4 Nc7 14. c5 Ne6
15. Rg1 Nxd4 16. Qxd4 Qa5+ 17. Kf2 Qxa3 18. Be2 f6 19. Bc4 e6 20. Kg3 Rac8 21.
Rgc1 Qxc5 22. Qxc5 Rxc5 23. Be2 Rfc8 24. Rxc5 Rxc5 25. Bf3 Rc3 26. Rd1 Kf7 27.
h4 e5 28. fxe5 fxe5 29. Rd2 Ke6 30. Kg4 Kf6 31. Bxe4 dxe4 0-1

[Event "X GRAN TORNEO INTERNACIONAL AFICIONADOS S-2300 "]
[Site "Benidorm (Alicante - SPAIN)"]
[Date "2011.12.06"]
[Round "5"]
[Board "1"]
[White "Sanchez, Botella Luis Javier"]
[Black "Murcia Paredes, Angel"]
[Result "1-0"]
[WhiteElo "2221"]
[BlackElo "2134"]
[PlyCount "103"]
[EventDate "2011.12.02"]
[EventRounds "10"]
[EventCountry "ESP"]

1. d4 Nf6 2. c4 g6 3. Nc3 Bg7 4. e4 d6 5. Be2 O-O 6. Nf3 e5 7. O-O Nc6 8. d5
Ne7 9. Ne1 Ne8 10. f3 f5 11. g4 Bd7 12. Ng2 Kh8 13. Be3 Nf6 14. h3 Rf7 15. b4
Neg8 16. c5 h5 17. g5 Nh7 18. h4 f4 19. Bf2 Nxg5 20. hxg5 Qxg5 21. Kh2 Qh6 22.
Rh1 g5 23. Nb5 Bxb5 24. Bxb5 Qg6 25. Kg1 Nh6 26. Bd3 Bf6 27. a4 Rg8 28. cxd6
cxd6 29. Bxa7 g4 30. Ra2 Rh7 31. Bf2 Qf7 32. Be2 Rhg7 33. Bb6 Rh7 34. a5 Qg6
35. Bf2 h4 36. Bxh4 Bxh4 37. Rxh4 gxf3 38. Bxf3 Qg3 39. Kf1 Rc8 40. Ra3 Rg8 41.
Qe1 Qg5 42. Ke2 Qe7 43. Rc3 Rg3 44. Qh1 Qf8 45. Rh5 Qf6 46. Rc8+ Rg8 47. Rxg8+
Kxg8 48. Qh3 Rh8 49. Qd7 Nf7 50. Rxh8+ Kxh8 51. b5 Ng5 52. a6 1-0

[Event "X GRAN TORNEO INTERNACIONAL AFICIONADOS S-2300 "]
[Site "Benidorm (Alicante - SPAIN)"]
[Date "2011.12.06"]
[Round "5"]
[Board "1"]
[White "Muratet Casadevall, Albert"]
[Black "Cucarella Montell, Angels"]
[Result "1-0"]
[WhiteElo "2164"]
[BlackElo "1923"]
[PlyCount "51"]
[EventDate "2011.12.02"]
[EventRounds "10"]
[EventCountry "ESP"]

1. e4 c5 2. c3 d5 3. exd5 Qxd5 4. d4 Nc6 5. Nf3 Bg4 6. dxc5 Qxd1+ 7. Kxd1 e5 8.
Be3 Nge7 9. h3 Bh5 10. b4 a5 11. b5 Bxf3+ 12. gxf3 Na7 13. a4 Nd5 14. c6 Nxe3+
15. fxe3 bxc6 16. b6 Bc5 17. bxa7 Bxe3 18. Bd3 Rxa7 19. Ke2 Bf4 20. Nd2 O-O 21.
Be4 Rc7 22. Nc4 f5 23. Bc2 Re7 24. Nxa5 e4 25. Nxc6 Rc7 26. Bb3+ 1-0

[Event "X GRAN TORNEO INTERNACIONAL AFICIONADOS S-2300 "]
[Site "Benidorm (Alicante - SPAIN)"]
[Date "2011.12.06"]
[Round "5"]
[Board "1"]
[White "Castellanos Bogalo, Antonio"]
[Black "Fos Santacreu, Juan Andres"]
[Result "0-1"]
[WhiteElo "2111"]
[BlackElo "2293"]
[PlyCount "44"]
[EventDate "2011.12.02"]
[EventRounds "10"]
[EventCountry "ESP"]

1. e4 c6 2. d4 d5 3. exd5 cxd5 4. Bd3 Nc6 5. c3 Nf6 6. Ne2 e5 7. dxe5 Nxe5 8.
Bb5+ Nc6 9. Nd4 Bd7 10. O-O Be7 11. a4 O-O 12. Na3 a6 13. Be2 Qc7 14. Nxc6 Bxc6
15. Nc2 Bd6 16. g3 Rfe8 17. Nd4 Bd7 18. Be3 Bh3 19. Re1 Rxe3 20. fxe3 Bxg3 21.
Nf3 Bxh2+ 22. Kh1 Ne4 0-1

[Event "X GRAN TORNEO INTERNACIONAL AFICIONADOS S-2300 "]
[Site "Benidorm (Alicante - SPAIN)"]
[Date "2011.12.06"]
[Round "5"]
[Board "1"]
[White "Martin Martin, Luis Vicente"]
[Black "Gonzalez Aguirre, Luis"]
[Result "1/2-1/2"]
[WhiteElo "2059"]
[BlackElo "2145"]
[PlyCount "22"]
[EventDate "2011.12.02"]
[EventRounds "10"]
[EventCountry "ESP"]

1. d4 c5 2. c3 cxd4 3. cxd4 d5 4. Nc3 Nc6 5. Nf3 Nf6 6. Bf4 Bf5 7. e3 e6 8. Bd3
Bxd3 9. Qxd3 Bd6 10. Bxd6 Qxd6 11. O-O O-O 1/2-1/2

[Event "X GRAN TORNEO INTERNACIONAL AFICIONADOS S-2300 "]
[Site "Benidorm (Alicante - SPAIN)"]
[Date "2011.12.06"]
[Round "5"]
[Board "1"]
[White "Vinals, Rioja Jaume"]
[Black "Suarez Uriel, Adrian"]
[Result "0-1"]
[WhiteElo "2039"]
[BlackElo "2238"]
[PlyCount "46"]
[EventDate "2011.12.02"]
[EventRounds "10"]
[EventCountry "ESP"]

1. e4 c5 2. c3 Nf6 3. e5 Nd5 4. d4 Nc6 5. Nf3 cxd4 6. cxd4 d6 7. Bc4 e6 8. Bxd5
exd5 9. h3 dxe5 10. dxe5 Be7 11. O-O O-O 12. Be3 Be6 13. Nc3 Rc8 14. a3 Qd7 15.
Ne2 Bf5 16. Qd2 Qe6 17. Nf4 Qd7 18. Qxd5 Qc7 19. e6 fxe6 20. Nxe6 Bxe6 21.
Qxe6+ Kh8 22. Rac1 Bf6 23. Bd4 Nxd4 0-1

[Event "X GRAN TORNEO INTERNACIONAL AFICIONADOS S-2300 "]
[Site "Benidorm (Alicante - SPAIN)"]
[Date "2011.12.06"]
[Round "5"]
[Board "1"]
[White "Perez Aleman, Pedro Tomas"]
[Black "Reginaldo Huix, Pere"]
[Result "1-0"]
[WhiteElo "2119"]
[BlackElo "2017"]
[PlyCount "37"]
[EventDate "2011.12.02"]
[EventRounds "10"]
[EventCountry "ESP"]

1. e4 e6 2. d4 f5 3. Nc3 d5 4. exf5 exf5 5. Bd3 Nf6 6. Bg5 Be7 7. Qf3 Ne4 8.
Bxe7 Kxe7 9. Qh3 Nxc3 10. bxc3 g6 11. Nf3 Kf7 12. Qh6 Re8+ 13. Kd2 Kg8 14. Rae1
Nd7 15. Ng5 Nf6 16. Nxh7 Nxh7 17. Qxg6+ Kf8 18. Rxe8+ Qxe8 19. Qxh7 1-0